| 000 | 00702nam a2200169 i 4500 | ||
|---|---|---|---|
| 001 | 151064 | ||
| 003 | ES-MaACL | ||
| 005 | 20251015063134.0 | ||
| 007 | t| | ||
| 008 | 071204s1703 au ||||1| spa d | ||
| 100 | 0 |
_aBenito de la Soledad, _c(O.F.M.) _927670 |
|
| 245 | 1 | 0 |
_aMemorial historial y política cristiana, que descubre las ideas y maximas del christianissimo Luis XIV. Para librar a la España de los infortunios , que esperimenta, por medio de su legitimo Rey Don Carlos III ... / _cpor Frai Benito de la Solidad... |
| 260 |
_aViena : _bJuan Van Ghelen, _c1703. |
||
| 300 |
_a[8], 452, [2] p. ; _c20 cm. |
||
| 852 |
_aES-MaACL _jR-383 _x Olim: D-3004 |
||
| 999 |
_c151064 _d151064 |
||